00446nam a2200109Ia 4500008004100000100002100041245011400062260003900176650001700215650006300232856004100295171212s9999 xx 000 0 und d aLepselter, Susan cLepselter, SusanaThe Resonance of Unseen ThingsbPoetics, Power, Captivity, and UFOs in the American Uncanny bUniversity of Michigan Pressc2016 aAnthropology aHuman-alien encounters; Conspiracy theories? United States uhttp://jstor.org/stable/j.ctt1gk08ms